Identifying and solving problems : system approach

Bibliographic Details
Main Author: Kaufman, Roger
Format: Book
Published: San Diego, Calif. : University Association , 1982
Edition:3rd. edition
Subjects:

MARC

LEADER 00000cam a2200000 7i4500
001 0000001482
005 20220317.0
020 |a 0883900505 
040 |a INS 
090 0 0 |a BF441.   |b K27 1982 
100 1 |a Kaufman, Roger 
245 1 0 |a Identifying and solving problems :   |b system approach   |c Roger Kaufman 
250 |a 3rd. edition 
260 |a San Diego, Calif. :   |b University Association ,   |c 1982 
300 |a vii, 163p. :   |b ill. ;   |c 14cm. 
650 0 |a Problem Solving 
999 |a 0000000883   |b BOOK   |c Open Shelf   |e Default branch